000 00208 a2200097 4500
001 42145
100 _aBates H E
245 _aReader's Digest Omnbos
260 _a
_bAndre Deutsch
_c
090 _c26135
_d26135
942 _aNUST-CAE
_cM
_c17931
999 _c277218
_d277218